000 00697nam a2200217Ia 4500
008 130821s1931 sp gr spa
040 _aCo-BoUCM
_bspa
041 0 0 _aspa
100 1 _aZurov, Leonid
_9169315
245 1 3 _aEl cadete
_cLeonid Zurov ; traducción del ruso por Eduino de Mora
260 _aMadrid (España)
_bEspasa-Calpe
_c1931
300 _a200 páginas
500 _aDonación UCM-C-ARRAYANES
500 _aIncluye índice.
650 _aLiteratura europea
_926524
650 _aLiteratura rusa
_918740
650 _aNovela rusa
_920572
700 1 _aMora, Eduino de
_etrad.
_9169316
942 _cLIBRO
_a18
_e1
_mZ967c
_2DEWEY
_h891.73
999 _c75833
_d75833